<?xml version="1.0" encoding="UTF-8"?>
<collection xmlns="http://www.loc.gov/MARC21/slim">
 <record>
  <leader>01524nam a2200229Ia 4500</leader>
  <controlfield tag="001">CTU_226723</controlfield>
  <controlfield tag="008">210402s9999    xx            000 0 und d</controlfield>
  <datafield tag="020" ind1=" " ind2=" ">
   <subfield code="c">150000</subfield>
  </datafield>
  <datafield tag="082" ind1=" " ind2=" ">
   <subfield code="a">823</subfield>
  </datafield>
  <datafield tag="082" ind1=" " ind2=" ">
   <subfield code="b">R884/T.2</subfield>
  </datafield>
  <datafield tag="100" ind1=" " ind2=" ">
   <subfield code="a">Rowling, K. J</subfield>
  </datafield>
  <datafield tag="245" ind1=" " ind2="0">
   <subfield code="a">Harry Potter và phòng chứa bí mật</subfield>
  </datafield>
  <datafield tag="245" ind1=" " ind2="0">
   <subfield code="c">J. K. Rowling ; Lý Lan (dịch)</subfield>
  </datafield>
  <datafield tag="260" ind1=" " ind2=" ">
   <subfield code="a">Thành phố Hồ Chí Minh</subfield>
  </datafield>
  <datafield tag="260" ind1=" " ind2=" ">
   <subfield code="b">Trẻ</subfield>
  </datafield>
  <datafield tag="260" ind1=" " ind2=" ">
   <subfield code="c">2018</subfield>
  </datafield>
  <datafield tag="520" ind1=" " ind2=" ">
   <subfield code="a">Nội dụng sách nói về năm thứ 2 tại trường Hogwarts của Harry đây những chuyện phiền lòng, trong đó phải kể đến ông giáo sư Gilderoy Lockhart hợm hỉnh, con ma khóc nhè Myrle ám nhà vệ sinh nữ, và sự hâm mộ bất đắc dĩ của Ginny, cô em gái nhỏ nhà Weasley. Những điều này trwor nên vật vãnh khi những chuyện khủng khiếp thực sự xảy ra, có kẻ nào đó - hay thứ gì đó - đã hóa đã các học sinh trong trường. Phải chăng kẻ đó chính là Draco Malfoy, kẻ thù độc địa truyền kiếp? Hay chính là lão Hagrid, với quá khứ kín như bưng nay phần nào hé lộ? Hay chính là người mà cả trường nghi ngờ...Harry Potter.</subfield>
  </datafield>
  <datafield tag="650" ind1=" " ind2=" ">
   <subfield code="a">Trường học,Schools</subfield>
  </datafield>
  <datafield tag="650" ind1=" " ind2=" ">
   <subfield code="x">Tiểu thuyết,Fiction</subfield>
  </datafield>
  <datafield tag="904" ind1=" " ind2=" ">
   <subfield code="i">Nhi</subfield>
  </datafield>
  <datafield tag="910" ind1=" " ind2=" ">
   <subfield code="b">dqhieu</subfield>
  </datafield>
  <datafield tag="980" ind1=" " ind2=" ">
   <subfield code="a">Trung tâm Học liệu Trường Đại học Cần Thơ</subfield>
  </datafield>
 </record>
</collection>
